000 00571nam a22001817a 4500
005 20140618162025.0
010 _aENG-110243
020 _a9788122205633
_c295.00
035 _aEN-93775
037 _bDBAD/PUB
082 _a510
100 _aSoloman, Robert
245 _aThe 2nd little book of mathematical principles equations & theories /
_cby Robert Soloman
260 _aNew Delhi
_bOrient Publishing
_c2014
270 _a5A/8 Ansari Road, Darya Ganj
_bNew Delhi
_e110002
300 _a214p. :
_c22cm(pbk)
_bill
942 _2ddc
_cEN
_mSOL
_h510
999 _c85095
_d85095